| 000 | 00797nam a2200241 i 4500 | ||
|---|---|---|---|
| 001 | 105895 | ||
| 003 | ES-MaACL | ||
| 005 | 20230906184013.0 | ||
| 007 | t| | ||
| 008 | 060908s1960 sp ||||1| spa d | ||
| 080 | _a821.134.2-22"16" | ||
| 100 | 1 |
_aMolina, Tirso de, _d1579-1648 _9226522 |
|
| 245 | 1 | 0 |
_aDon Gil de las calzas verdes / _cTirso de Molina ; edición, prólogo y notas por el profesor Ildefonso Manuel Gil. |
| 250 | _a1ª ed. il. | ||
| 260 |
_aZaragoza : _bEbro, _cD.L. 1960. |
||
| 300 |
_a142 p. : _bretr. ; _c18 cm. |
||
| 490 | 1 |
_aClásicos Ebro ; _v92 |
|
| 500 | _aBiblioteca Juan Andrade. | ||
| 700 | 0 |
_aGil, Ildefonso Manuel, _d1912-2003 _956735 |
|
| 830 | 0 |
_aClásicos Ebro ; _v92 _9185118 |
|
| 852 |
_aES-MaACL _jAND-917 _bR.110205 |
||
| 999 |
_c105895 _d105895 |
||